Largest European Countries - per capita - Statistics

General Stats
  • This quiz has been taken 172 times
  • The average score is 12 of 15
Answer Stats
rank Answer space % Correct
2 Norway 17,1
96%
3 Finland 18,0
95%
4 Sweden 24,1
95%
1 Iceland 3,3
92%
13 Spain 92,5
81%
5 Estonia 30,3
80%
6 Latvia 31,8
78%
10 Greece 81,9
77%
7 Lithuania 46,4
77%
9 Ireland 67,9
73%
12 Romania 86,1
73%
14 Slovenia 102,4
71%
15 Austria 104,8
66%
8 Montenegro 45,0
61%
11 Macedonia 83,1
39%
No matching quizzes found
Score Distribution
Percent of People with Each Score
Percentile by Number Answered
Your Score History
You have not taken this quiz